000 00780nam a2200277Ia 4500
003 OSt
005 20221006144048.0
006 a|||||r|||| 00| 0
007 ta
008 221006b |||||||| |||| 00| 0 eng d
020 _c644.00
024 _a10,774
037 _cTextual
040 _aEASL
_cEASL
_beng
041 _2eng
_aeng
082 _aW691:(Y48).41.N84, M6
100 _aHAMRIN Carol Lee Ed.
_9647128
245 0 _aChina's establishment intellectuals
260 _aArmonk
_bM E Sharpe
_c1986
300 _a266p.
_ccm.
490 _v CEL
650 _aIntellectuals - China
700 _a CHEEK Timothy Ed.
_9650807
942 _hW691:(Y48).41.N84, M6
_cTEXL
_2CC
999 _c1078860
_d1078860